[Event "16th Spilimbergo Open 2018"]
[Site "Spilimbergo"]
[Date "2018.08.14"]
[Round "8.5"]
[White "Basso, Pier Luigi"]
[Black "Krishna C R G"]
[Result "1-0"]
[WhiteElo "2494"]
[BlackElo "2402"]
[Annotator "TA"]
[PlyCount "83"]
[EventDate "2018.08.10"]
[EventType "swiss"]
[EventCountry "ITA"]
[SourceTitle "playchess.com"]
[Source "ChessBase"]
[SourceQuality "1"]

{[%evp 16,83,15,13,26,27,34,27,50,51,48,22,26,24,33,28,31,25,16,20,97,0,0,0,0,0,0,-8,109,104,95,45,52,45,59,53,81,67,50,51,213,214,207,228,202,216,202,219,200,208,180,186,187,168,263,270,299,285,262,216,216,179,185,181,222,221,477,395,1181,1179]} 1. d4 f5 2. c4 Nf6 3. Nc3 d6 4. Nf3 g6 5. g3 Bg7 6. Bg2 O-O 7. d5 {[%cal Bd4d5,Bd5e6][%mdl 32]} a5 {A87: Dutch Defence: Leningrad System: 5 Nf3} 8. O-O Na6 9. Rb1 {LiveBook: 5 Games} (9. Be3 Bd7 10. Qb3 Kh8 11. Rae1 c6 12. Bb6 Qc8 13. Bd4 e5 14. dxe6 Bxe6 15. e4 b5 {1-0 (28) Maiorov,N (2563)-Vovk,A (2629) Wunsiedel 2015}) 9... Ng4 {The position is equal.} 10. Nd4 Nc5 11. b3 e5 12. dxe6 $1 c6 13. h3 Nf6 14. Bf4 Nh5 15. Nxc6 bxc6 16. e7 $146 {[%mdl 2048] White has good play.} Qxe7 17. Bxd6 Qf6 (17... Qd7 $11 {remains equal.}) 18. Bxc5 (18. Bxc6 $16 Rd8 19. Qd5+ (19. Bxa8 Rxd6 20. Bd5+ Be6 $14) 19... Ne6 20. Bxa8 Qxc3 21. Rbd1) 18... Rd8 $11 19. Nd5 cxd5 20. Bxd5+ Be6 21. Bxa8 {[#] Strongly threatening Bd5.} Rxa8 (21... Rxd1 $11 22. Rbxd1 Qe5) 22. e3 $16 Qf7 23. Qf3 Rc8 24. Bd4 Nf6 25. Rbd1 Ne4 26. Bxg7 Qxg7 27. Rd4 Bd7 $2 (27... a4 $14) 28. Rfd1 $18 Bc6 29. Rd8+ Rxd8 30. Rxd8+ Kf7 31. Rd4 Ke6 32. Qf4 {Threatens to win with f3.} Qb7 33. g4 Qb4 34. Rd1 Qe7 (34... Nf6 {keeps fighting.} 35. f3 Qc5) 35. Qb8 fxg4 36. Qc8+ ({Don't do} 36. hxg4 $6 Kf7 $18) 36... Bd7 37. Qb7 Nf6 38. hxg4 Qc5 39. Qg2 {And now g5 would win.} Bc6 40. Qg3 Ne4 $2 (40... Qe5 41. Qxe5+ Kxe5) 41. Qc7 Ng5 $2 {[#]} (41... Be8 42. Qxh7 Nf6) 42. Rd5 $1 {[%mdl 512] Precision: White = 76%, Black = 53%.} 1-0

[Event "16th Spilimbergo Open 2018"]
[Site "Spilimbergo"]
[Date "2018.08.14"]
[Round "8.6"]
[White "Karthik Venkataraman"]
[Black "Jobava, Baadur"]
[Result "0-1"]
[WhiteElo "2502"]
[BlackElo "2646"]
[Annotator "ChessBase"]
[PlyCount "102"]
[EventDate "2018.08.10"]
[EventType "swiss"]
[EventCountry "ITA"]
[SourceTitle "playchess.com"]
[Source "ChessBase"]
[SourceQuality "1"]
[TimeControl "5400+30"]

1. b3 {[%emt 0:00:30]} d5 {[%emt 0:01:30]} 2. Bb2 {[%emt 0:00:30]} c5 {[%emt 0:00:30]} 3. e3 {[%emt 0:00:30]} Nc6 {[%emt 0:00:00]} 4. Bb5 {[%emt 0:00:30]} Bd7 {[%emt 0:00:00]} 5. Nf3 {[%emt 0:00:30]} f6 {[%emt 0:00:30]} 6. d4 {[%emt 0:03:30]} cxd4 {[%emt 0:00:30]} 7. exd4 {[%emt 0:00:00]} e6 {[%emt 0:00:30]} 8. O-O {[%emt 0:00:00]} Bd6 {[%emt 0:00:00]} 9. Re1 {[%emt 0:02:30]} Nge7 {[%emt 0:00:00]} 10. a3 {[%emt 0:00:30]} Rb8 {[%emt 0:01:30]} 11. Bd3 {[%emt 0:02:30]} b5 {[%emt 0:00:00]} 12. Qe2 {[%emt 0:07:30]} O-O {[%emt 0:04:00]} 13. Nbd2 {[%emt 0:03:30]} a5 {[%emt 0:05:30]} 14. Rab1 {[%emt 0:01:30]} b4 {[%emt 0:00:00]} 15. axb4 {[%emt 0:00:30]} Nxb4 {[%emt 0:00:00]} 16. c4 {[%emt 0:00:30]} Nec6 {[%emt 0:01:30]} 17. Bc3 {[%emt 0:03:30]} Na2 {[%emt 0:01:30]} 18. Ba1 {[%emt 0:00:30]} Ncb4 {[%emt 0:00:30]} 19. Nf1 {[%emt 0:01:30]} Be8 {[%emt 0:00:30]} 20. Red1 {[%emt 0:01:30]} Nxd3 {[%emt 0:00:30]} 21. Qxa2 {[%emt 0:01:30]} Bg6 {[%emt 0:00:30]} 22. Qd2 {[%emt 0:03:30]} Nxf2 {[%emt 0:14:30]} 23. Qxf2 {[%emt 0:00:30]} Bxb1 {[%emt 0:00:30]} 24. Rxb1 {[%emt 0:00:00]} dxc4 {[%emt 0:00:30]} 25. Qe2 {[%emt 0:00:00]} Qd7 {[%emt 0:09:30]} 26. Qxc4 {[%emt 0:00:30]} Rfc8 {[%emt 0:00:30]} 27. Qd3 {[%emt 0:01:30]} Qb5 {[%emt 0:00:00]} 28. Qe3 {[%emt 0:02:30]} Qf5 {[%emt 0:07:00]} 29. Re1 {[%emt 0:06:30]} Bf4 {[%emt 0:00:30]} 30. Qe2 {[%emt 0:02:30]} Rxb3 {[%emt 0:02:30]} 31. d5 {[%emt 0:05:30]} Qxd5 {[%emt 0:00:30]} 32. Rd1 {[%emt 0:00:30]} Qc5+ {[%emt 0:02:30]} 33. Kh1 {[%emt 0:01:30]} e5 {[%emt 0:00:30]} 34. Nd4 {[%emt 0:06:30]} Rb6 {[%emt 0:04:30]} 35. Nf5 {[%emt 0:00:30]} g6 {[%emt 0:00:00]} 36. Qg4 {[%emt 0:11:30]} Kf8 {[%emt 0:04:00]} 37. N5e3 {[%emt 0:03:30]} Bxe3 {[%emt 0:03:30]} 38. Nxe3 {[%emt 0:00:00]} Rcb8 {[%emt 0:00:30]} 39. Qf3 {[%emt 0:02:00]} Rd6 {[%emt 0:01:30]} 40. Rf1 {[%emt 0:04:30]} Rb3 {[%emt 0:02:30]} 41. Qa8+ {[%emt 0:01:30]} Ke7 {[%emt 0:00:30]} 42. Ng4 {[%emt 0:00:30]} Qb5 {[%emt 0:03:30]} 43. Qa7+ {[%emt 0:01:30]} Qd7 {[%emt 0:00:00]} 44. Qf2 {[%emt 0:00:30]} Qf5 {[%emt 0:01:00]} 45. Qe1 {[%emt 0:04:09]} Qxg4 {[%emt 0:02:30]} 46. Bxe5 {[%emt 0:00:05]} fxe5 {[%emt 0:00:30]} 47. Qxe5+ {[%emt 0:00:05]} Kd7 {[%emt 0:00:30]} 48. Qg7+ {[%emt 0:00:10]} Kc6 {[%emt 0:01:30]} 49. Rc1+ {[%emt 0:00:06]} Kd5 {[%emt 0:00:30]} 50. Qf7+ {[%emt 0:01:17]} Qe6 {[%emt 0:00:00]} 51. Qf1 {[%emt 0:02:53]} Qe3 {[%emt 0:01:00]} 0-1

[Event "16th Spilimbergo Open 2018"]
[Site "Spilimbergo"]
[Date "2018.08.14"]
[Round "8.7"]
[White "Barp, Alberto"]
[Black "Brunello, Sabino"]
[Result "1/2-1/2"]
[WhiteElo "2340"]
[BlackElo "2555"]
[Annotator "ChessBase"]
[PlyCount "90"]
[EventDate "2018.08.10"]
[EventType "swiss"]
[EventCountry "ITA"]
[SourceTitle "playchess.com"]
[Source "ChessBase"]
[SourceQuality "1"]
[TimeControl "5400+30"]

1. d4 {[%emt 0:00:30]} Nf6 {[%emt 0:00:30]} 2. c4 {[%emt 0:00:00]} e6 {[%emt 0:00:30]} 3. g3 {[%emt 0:00:00]} c5 {[%emt 0:00:00]} 4. Nf3 {[%emt 0:00:30]} cxd4 {[%emt 0:09:00]} 5. Nxd4 {[%emt 0:00:30]} Nc6 {[%emt 0:00:30]} 6. Bg2 {[%emt 0:00:00]} Bc5 {[%emt 0:00:30]} 7. Nb3 {[%emt 0:01:00]} Be7 {[%emt 0:00:00]} 8. Nc3 {[%emt 0:02:30]} O-O {[%emt 0:01:00]} 9. O-O {[%emt 0:02:30]} d6 {[%emt 0:04:30]} 10. Nd4 {[%emt 0:08:30]} Ne5 {[%emt 0:06:30]} 11. b3 {[%emt 0:02:30]} a6 {[%emt 0:00:30]} 12. Bb2 {[%emt 0:07:30]} Rb8 {[%emt 0:01:30]} 13. Qd2 {[%emt 0:04:30]} Bd7 {[%emt 0:04:30]} 14. Rfd1 {[%emt 0:09:30]} b5 {[%emt 0:01:30]} 15. cxb5 {[%emt 0:01:30]} axb5 {[%emt 0:01:30]} 16. a3 {[%emt 0:00:30]} Qb6 {[%emt 0:05:30]} 17. Na2 {[%emt 0:02:30]} Ng6 {[%emt 0:05:30]} 18. Nb4 {[%emt 0:05:30]} d5 {[%emt 0:07:30]} 19. Rac1 {[%emt 0:03:30]} Rfc8 {[%emt 0:01:30]} 20. Rxc8+ {[%emt 0:10:30]} Rxc8 {[%emt 0:00:30]} 21. Rc1 {[%emt 0:00:00]} Rxc1+ {[%emt 0:00:30]} 22. Qxc1 {[%emt 0:01:00]} Bc5 {[%emt 0:02:30]} 23. e3 {[%emt 0:01:30]} Ne7 {[%emt 0:00:30]} 24. Nf3 {[%emt 0:05:30]} Nf5 {[%emt 0:10:30]} 25. Nd3 {[%emt 0:01:30]} Bf8 {[%emt 0:00:30]} 26. Nfe5 {[%emt 0:01:30]} Be8 {[%emt 0:00:00]} 27. Bc3 {[%emt 0:04:30]} Qc7 {[%emt 0:10:00]} 28. Bd2 {[%emt 0:02:30]} Qxc1+ {[%emt 0:00:30]} 29. Bxc1 {[%emt 0:00:00]} Ne4 {[%emt 0:00:30]} 30. Nf3 {[%emt 0:05:01]} g5 {[%emt 0:10:04]} 31. Bb2 {[%emt 0:02:28]} Bg7 {[%emt 0:03:31]} 32. Bxg7 {[%emt 0:00:44]} Kxg7 {[%emt 0:00:01]} 33. g4 {[%emt 0:02:20]} Nfd6 {[%emt 0:00:46]} 34. Nd4 {[%emt 0:02:38]} Kf6 {[%emt 0:02:23]} 35. Bxe4 {[%emt 0:01:55]} Nxe4 {[%emt 0:03:23]} 36. f3 {[%emt 0:00:53]} Nc3 {[%emt 0:00:51]} 37. Kf2 {[%emt 0:02:30]} Nb1 {[%emt 0:02:34]} 38. Nc2 {[%emt 0:00:16]} Ke7 {[%emt 0:01:18]} 39. Ke2 {[%emt 0:01:10]} f6 {[%emt 0:01:14]} 40. Kd1 {[%emt 0:00:47]} h5 {[%emt 0:01:15]} 41. h3 {[%emt 0:01:28]} h4 {[%emt 0:02:34]} 42. Kc1 {[%emt 0:00:53]} Nc3 {[%emt 0:00:17]} 43. Kd2 {[%emt 0:00:21]} Nb1+ {[%emt 0:00:14]} 44. Kc1 {[%emt 0:00:06]} Nc3 {[%emt 0:00:03]} 45. Kd2 {[%emt 0:00:05]} Nb1+ {[%emt 0:01:08]} 1/2-1/2

[Event "16th Spilimbergo Open 2018"]
[Site "Spilimbergo"]
[Date "2018.08.14"]
[Round "8.8"]
[White "Rombaldoni, Denis"]
[Black "Mesaros, Florian"]
[Result "0-1"]
[WhiteElo "2508"]
[BlackElo "2422"]
[Annotator "ChessBase"]
[PlyCount "112"]
[EventDate "2018.08.10"]
[EventType "swiss"]
[EventCountry "ITA"]
[SourceTitle "playchess.com"]
[Source "ChessBase"]
[SourceQuality "1"]
[TimeControl "5400+30"]

1. Nf3 {[%emt 0:00:30]} d5 {[%emt 0:00:30]} 2. g3 {[%emt 0:00:00]} g6 {[%emt 0:00:00]} 3. d3 {[%emt 0:02:00]} Bg7 {[%emt 0:00:00]} 4. Nbd2 {[%emt 0:00:30]} e5 {[%emt 0:01:30]} 5. e4 {[%emt 0:00:30]} Ne7 {[%emt 0:02:30]} 6. exd5 {[%emt 0:00:30]} Nxd5 {[%emt 0:00:30]} 7. Bg2 {[%emt 0:00:30]} O-O {[%emt 0:00:00]} 8. O-O {[%emt 0:00:00]} Nc6 {[%emt 0:00:00]} 9. Re1 {[%emt 0:03:00]} Re8 {[%emt 0:06:30]} 10. c3 {[%emt 0:05:30]} a5 {[%emt 0:10:30]} 11. a4 {[%emt 0:02:30]} Bg4 {[%emt 1:13:30]} 12. h3 {[%emt 0:01:30]} Bf5 {[%emt 0:00:00]} 13. Ne4 {[%emt 0:00:30]} h6 {[%emt 0:00:00]} 14. Nh4 {[%emt 0:05:30]} Bc8 {[%emt 0:00:00]} 15. Qb3 {[%emt 0:01:30]} Nde7 {[%emt 0:00:00]} 16. Be3 {[%emt 0:06:30]} b6 {[%emt 0:00:00]} 17. d4 {[%emt 0:12:30]} Be6 {[%emt 0:00:00]} 18. Qb5 {[%emt 0:00:30]} exd4 {[%emt 0:00:00]} 19. Bxh6 {[%emt 0:06:30]} Bxh6 {[%emt 0:00:00]} 20. Nf6+ {[%emt 0:00:30]} Kg7 {[%emt 0:00:00]} 21. Nxe8+ {[%emt 0:00:30]} Qxe8 {[%emt 0:00:00]} 22. cxd4 {[%emt 0:00:30]} Qd7 {[%emt 0:00:00]} 23. f4 {[%emt 0:21:30]} Qxd4+ {[%emt 0:00:00]} 24. Kh2 {[%emt 0:00:30]} Bc4 {[%emt 0:00:00]} 25. Nf3 {[%emt 0:02:30]} Qd3 {[%emt 0:00:00]} 26. Ne5 {[%emt 0:00:30]} Bxb5 {[%emt 0:00:00]} 27. Nxd3 {[%emt 0:00:30]} Bxd3 {[%emt 0:00:00]} 28. Rxe7 {[%emt 0:00:00]} Nxe7 {[%emt 0:00:00]} 29. Bxa8 {[%emt 0:00:00]} g5 {[%emt 0:00:00]} 30. Rd1 {[%emt 0:00:30]} Bf5 {[%emt 0:00:00]} 31. g4 {[%emt 0:00:30]} Bc8 {[%emt 0:01:33]} 32. f5 {[%emt 0:00:00]} Kf6 {[%emt 0:00:41]} 33. Rc1 {[%emt 0:01:00]} c5 {[%emt 0:00:09]} 34. Rd1 {[%emt 0:07:30]} Ke5 {[%emt 0:00:10]} 35. Re1+ {[%emt 0:00:00]} Kf6 {[%emt 0:02:16]} 36. Rd1 {[%emt 0:01:00]} Ke5 {[%emt 0:00:02]} 37. Re1+ {[%emt 0:00:30]} Kd6 {[%emt 0:05:03]} 38. f6 {[%emt 0:00:30]} Ng6 {[%emt 0:00:03]} 39. Re8 {[%emt 0:00:30]} Bd7 {[%emt 0:01:23]} 40. Rb8 {[%emt 0:00:30]} Bxa4 {[%emt 0:01:22]} 41. Be4 {[%emt 0:05:18]} Nf8 {[%emt 0:00:54]} 42. Rxb6+ {[%emt 0:00:19]} Ke5 {[%emt 0:00:03]} 43. Bf5 {[%emt 0:00:22]} c4 {[%emt 0:01:37]} 44. Kg3 {[%emt 0:04:39]} Ne6 {[%emt 0:00:38]} 45. Bxe6 {[%emt 0:03:45]} fxe6 {[%emt 0:00:02]} 46. f7 {[%emt 0:00:06]} Kf6 {[%emt 0:00:04]} 47. Ra6 {[%emt 0:00:06]} Kxf7 {[%emt 0:00:45]} 48. Rxa5 {[%emt 0:01:18]} Bb3 {[%emt 0:00:07]} 49. Re5 {[%emt 0:02:27]} Bg7 {[%emt 0:00:49]} 50. Re2 {[%emt 0:00:04]} Bf6 {[%emt 0:00:30]} 51. h4 {[%emt 0:02:28]} gxh4+ {[%emt 0:00:59]} 52. Kf4 {[%emt 0:00:01]} Kg6 {[%emt 0:00:39]} 53. Rxe6 {[%emt 0:01:54]} c3 {[%emt 0:00:11]} 54. Rxf6+ {[%emt 0:00:37]} Kxf6 {[%emt 0:00:03]} 55. bxc3 {[%emt 0:00:01]} Kg6 {[%emt 0:00:08]} 56. g5 {[%emt 0:00:25]} Be6 {[%emt 0:00:08]} 0-1

[Event "16th Spilimbergo Open 2018"]
[Site "Spilimbergo"]
[Date "2018.08.14"]
[Round "8.9"]
[White "Bove, Alessandro"]
[Black "Korpa, Bence"]
[Result "1/2-1/2"]
[WhiteElo "2308"]
[BlackElo "2506"]
[Annotator "ChessBase"]
[PlyCount "268"]
[EventDate "2018.08.10"]
[EventType "swiss"]
[EventCountry "ITA"]
[SourceTitle "playchess.com"]
[Source "ChessBase"]
[SourceQuality "1"]
[TimeControl "5400+30"]

1. c4 {[%emt 0:00:30]} c5 {[%emt 0:11:30]} 2. Nf3 {[%emt 0:00:00]} Nf6 {[%emt 0:00:30]} 3. Nc3 {[%emt 0:01:00]} Nc6 {[%emt 0:00:00]} 4. d4 {[%emt 0:00:00]} cxd4 {[%emt 0:00:00]} 5. Nxd4 {[%emt 0:00:00]} e6 {[%emt 0:00:30]} 6. e4 {[%emt 0:00:30]} Bb4 {[%emt 0:02:30]} 7. Nxc6 {[%emt 0:01:30]} dxc6 {[%emt 0:00:30]} 8. Qxd8+ {[%emt 0:00:30]} Kxd8 {[%emt 0:00:00]} 9. e5 {[%emt 0:02:30]} Nd7 {[%emt 0:01:00]} 10. f4 {[%emt 0:01:30]} Bxc3+ {[%emt 0:01:30]} 11. bxc3 {[%emt 0:00:00]} b6 {[%emt 0:00:00]} 12. h4 {[%emt 0:06:00]} h5 {[%emt 0:03:00]} 13. Rh3 {[%emt 0:19:30]} Bb7 {[%emt 0:01:30]} 14. Rd3 {[%emt 0:02:30]} Kc7 {[%emt 0:00:30]} 15. Be3 {[%emt 0:01:30]} c5 {[%emt 0:00:30]} 16. Rad1 {[%emt 0:01:30]} Rad8 {[%emt 0:01:30]} 17. Kf2 {[%emt 0:20:30]} Be4 {[%emt 0:02:30]} 18. Rd6 {[%emt 0:03:30]} Nb8 {[%emt 0:00:30]} 19. Rxd8 {[%emt 0:08:30]} Rxd8 {[%emt 0:00:00]} 20. Rxd8 {[%emt 0:00:00]} Kxd8 {[%emt 0:00:00]} 21. Be2 {[%emt 0:00:00]} g6 {[%emt 0:00:30]} 22. g4 {[%emt 0:04:30]} hxg4 {[%emt 0:00:00]} 23. Bxg4 {[%emt 0:00:00]} Nc6 {[%emt 0:03:00]} 24. h5 {[%emt 0:01:00]} gxh5 {[%emt 0:00:00]} 25. Bxh5 {[%emt 0:00:00]} Ke7 {[%emt 0:01:00]} 26. Be2 {[%emt 0:02:00]} Na5 {[%emt 0:00:30]} 27. Kg3 {[%emt 0:01:30]} Bb1 {[%emt 0:00:30]} 28. a3 {[%emt 0:00:30]} Ba2 {[%emt 0:00:00]} 29. Kg4 {[%emt 0:00:00]} Bxc4 {[%emt 0:00:00]} 30. Bd1 {[%emt 0:00:00]} Bd3 {[%emt 0:00:30]} 31. Kg5 {[%emt 0:00:30]} Kf8 {[%emt 0:24:30]} 32. Kf6 {[%emt 0:00:30]} Nc6 {[%emt 0:00:30]} 33. Bf3 {[%emt 0:04:30]} Ne7 {[%emt 0:00:30]} 34. Kg5 {[%emt 0:00:30]} Kg7 {[%emt 0:02:30]} 35. Bd2 {[%emt 0:02:08]} Ng6 {[%emt 0:03:30]} 36. Bg4 {[%emt 0:11:36]} Bc2 {[%emt 0:03:30]} 37. Be1 {[%emt 0:00:33]} Be4 {[%emt 0:02:30]} 38. Bd2 {[%emt 0:00:27]} Ne7 {[%emt 0:00:30]} 39. Bh3 {[%emt 0:01:19]} Bf5 {[%emt 0:01:30]} 40. Bg2 {[%emt 0:00:36]} Ng8 {[%emt 0:00:00]} 41. Bf3 {[%emt 0:00:26]} f6+ {[%emt 0:01:00]} 42. exf6+ {[%emt 0:01:13]} Nxf6 {[%emt 0:00:30]} 43. Be1 {[%emt 0:00:04]} Be4 {[%emt 0:03:30]} 44. Be2 {[%emt 0:00:02]} Nh7+ {[%emt 0:00:30]} 45. Kh5 {[%emt 0:00:42]} Bg6+ {[%emt 0:00:30]} 46. Kg4 {[%emt 0:00:42]} Nf6+ {[%emt 0:00:30]} 47. Kg5 {[%emt 0:00:13]} Ne4+ {[%emt 0:00:00]} 48. Kg4 {[%emt 0:00:03]} Kh6 {[%emt 0:00:00]} 49. Kh4 {[%emt 0:00:40]} Nd6 {[%emt 0:05:30]} 50. Bf2 {[%emt 0:01:42]} Be8 {[%emt 0:02:30]} 51. Bg4 {[%emt 0:01:53]} Bd7 {[%emt 0:00:30]} 52. Be3 {[%emt 0:00:12]} Kg6 {[%emt 0:00:00]} 53. Bc1 {[%emt 0:00:46]} Kf6 {[%emt 0:01:00]} 54. Kg3 {[%emt 0:00:21]} Bc6 {[%emt 0:03:30]} 55. Kf2 {[%emt 0:00:12]} Bd5 {[%emt 0:00:30]} 56. Ke3 {[%emt 0:00:16]} Ke7 {[%emt 0:00:00]} 57. Kd3 {[%emt 0:01:28]} Be4+ {[%emt 0:00:00]} 58. Ke3 {[%emt 0:00:12]} Kd7 {[%emt 0:00:30]} 59. Be2 {[%emt 0:01:18]} Bd5 {[%emt 0:00:30]} 60. Bd2 {[%emt 0:02:57]} Kc6 {[%emt 0:00:30]} 61. Be1 {[%emt 0:00:09]} Bc4 {[%emt 0:00:30]} 62. Bd1 {[%emt 0:00:02]} Kb5 {[%emt 0:05:30]} 63. Kd2 {[%emt 0:00:09]} Bd5 {[%emt 0:00:30]} 64. Kc2 {[%emt 0:00:42]} Be4+ {[%emt 0:01:09]} 65. Kb3 {[%emt 0:00:42]} Kc6 {[%emt 0:00:08]} 66. Be2 {[%emt 0:00:49]} Kd5 {[%emt 0:00:24]} 67. c4+ {[%emt 0:00:55]} Kc6 {[%emt 0:00:19]} 68. Kc3 {[%emt 0:00:03]} Bg2 {[%emt 0:01:33]} 69. Bd3 {[%emt 0:00:06]} Bh3 {[%emt 0:00:38]} 70. Be2 {[%emt 0:00:37]} Kd7 {[%emt 0:00:24]} 71. Kb3 {[%emt 0:01:16]} Ke8 {[%emt 0:00:28]} 72. Bh4 {[%emt 0:00:30]} Nf5 {[%emt 0:02:08]} 73. Bf6 {[%emt 0:00:05]} Kf7 {[%emt 0:01:18]} 74. Be5 {[%emt 0:00:08]} Nd4+ {[%emt 0:02:31]} 75. Bxd4 {[%emt 0:00:03]} cxd4 {[%emt 0:00:02]} 76. c5 {[%emt 0:01:22]} bxc5 {[%emt 0:06:59]} 77. Kc4 {[%emt 0:00:03]} Kf6 {[%emt 0:00:10]} 78. Kxc5 {[%emt 0:00:06]} Kf5 {[%emt 0:00:00]} 79. Kxd4 {[%emt 0:00:15]} Kxf4 {[%emt 0:00:01]} 80. Kd3 {[%emt 0:01:12]} e5 {[%emt 0:00:57]} 81. Kd2 {[%emt 0:00:12]} Ke4 {[%emt 0:00:05]} 82. Bd3+ {[%emt 0:01:23]} Kd4 {[%emt 0:00:04]} 83. Bg6 {[%emt 0:00:03]} Be6 {[%emt 0:00:22]} 84. Bh7 {[%emt 0:00:34]} Bd5 {[%emt 0:00:59]} 85. Bg6 {[%emt 0:00:17]} e4 {[%emt 0:06:32]} 86. Kc2 {[%emt 0:00:43]} e3 {[%emt 0:00:12]} 87. Bh5 {[%emt 0:00:01]} Be4+ {[%emt 0:00:14]} 88. Kd1 {[%emt 0:01:55]} a5 {[%emt 0:00:33]} 89. Be8 {[%emt 0:00:16]} Bd3 {[%emt 0:00:10]} 90. a4 {[%emt 0:00:47]} Kc3 {[%emt 0:00:14]} 91. Bd7 {[%emt 0:00:03]} Kb4 {[%emt 0:00:11]} 92. Bc6 {[%emt 0:00:19]} Bc4 {[%emt 0:00:06]} 93. Bd7 {[%emt 0:00:04]} Bb3+ {[%emt 0:00:10]} 94. Ke2 {[%emt 0:00:03]} Bxa4 {[%emt 0:00:04]} 95. Bg4 {[%emt 0:01:20]} Bb3 {[%emt 0:03:30]} 96. Bd7 {[%emt 0:00:05]} Ba4 {[%emt 0:00:14]} 97. Bg4 {[%emt 0:00:03]} Kc3 {[%emt 0:01:05]} 98. Kxe3 {[%emt 0:00:08]} Kc2 {[%emt 0:00:02]} 99. Bf5+ {[%emt 0:01:36]} Kc1 {[%emt 0:00:14]} 100. Kd4 {[%emt 0:00:14]} Kb2 {[%emt 0:00:10]} 101. Bg4 {[%emt 0:00:38]} Kc2 {[%emt 0:00:19]} 102. Bf5+ {[%emt 0:00:57]} Kb3 {[%emt 0:00:07]} 103. Bg4 {[%emt 0:00:12]} Kc2 {[%emt 0:00:55]} 104. Bf5+ {[%emt 0:00:03]} Kb2 {[%emt 0:00:14]} 105. Bg4 {[%emt 0:00:10]} Be8 {[%emt 0:00:06]} 106. Bd1 {[%emt 0:00:07]} Kc1 {[%emt 0:00:02]} 107. Bb3 {[%emt 0:00:04]} Kd2 {[%emt 0:00:04]} 108. Kc5 {[%emt 0:01:08]} Kc3 {[%emt 0:00:08]} 109. Bd1 {[%emt 0:00:11]} Bd7 {[%emt 0:00:40]} 110. Kb6 {[%emt 0:00:51]} Kb4 {[%emt 0:00:05]} 111. Bc2 {[%emt 0:00:05]} Bg4 {[%emt 0:00:08]} 112. Ka6 {[%emt 0:00:21]} Bf3 {[%emt 0:00:04]} 113. Kb6 {[%emt 0:00:06]} Be2 {[%emt 0:00:03]} 114. Kc7 {[%emt 0:01:02]} Kc5 {[%emt 0:00:34]} 115. Kb7 {[%emt 0:00:31]} Kb5 {[%emt 0:00:34]} 116. Kc7 {[%emt 0:00:06]} Bc4 {[%emt 0:00:20]} 117. Bd1 {[%emt 0:00:24]} Bd5 {[%emt 0:00:52]} 118. Kd6 {[%emt 0:01:21]} Bf7 {[%emt 0:02:43]} 119. Kc7 {[%emt 0:00:09]} Bg8 {[%emt 0:00:16]} 120. Bc2 {[%emt 0:00:57]} Bc4 {[%emt 0:00:10]} 121. Bd1 {[%emt 0:00:08]} Bd3 {[%emt 0:00:34]} 122. Kb7 {[%emt 0:00:06]} Bf5 {[%emt 0:00:11]} 123. Be2+ {[%emt 0:00:56]} Kc5 {[%emt 0:00:20]} 124. Bd1 {[%emt 0:00:05]} Bd3 {[%emt 0:00:04]} 125. Kc7 {[%emt 0:00:17]} Be4 {[%emt 0:00:08]} 126. Ba4 {[%emt 0:00:47]} Bf3 {[%emt 0:01:54]} 127. Bc2 {[%emt 0:00:07]} Bd5 {[%emt 0:00:08]} 128. Bd1 {[%emt 0:00:09]} Kb5 {[%emt 0:00:22]} 129. Kd6 {[%emt 0:00:15]} Ba2 {[%emt 0:00:28]} 130. Kc7 {[%emt 0:00:06]} Bc4 {[%emt 0:00:10]} 131. Kb7 {[%emt 0:00:24]} Kc5 {[%emt 0:00:10]} 132. Kc7 {[%emt 0:00:09]} Bd5 {[%emt 0:00:13]} 133. Bc2 {[%emt 0:00:33]} Bf3 {[%emt 0:00:13]} 134. Ba4 {[%emt 0:00:14]} Kb4 {[%emt 0:01:00]} 1/2-1/2

[Event "16th Spilimbergo Open 2018"]
[Site "Spilimbergo"]
[Date "2018.08.14"]
[Round "8.10"]
[White "Godena, Michele"]
[Black "Borgo, Giulio"]
[Result "1/2-1/2"]
[WhiteElo "2502"]
[BlackElo "2400"]
[Annotator "TA"]
[PlyCount "144"]
[EventDate "2018.08.10"]
[EventType "swiss"]
[EventCountry "ITA"]
[SourceTitle "playchess.com"]
[Source "ChessBase"]
[SourceQuality "1"]

{[%evp 25,144,4,4,4,7,4,5,6,8,0,0,0,0,0,0,0,0,0,0,0,0,0,3,5,1,5,8,0,0,0,6,6,11,10,11,5,11,16,18,8,6,8,12,3,8,8,16,10,31,34,26,10,75,28,75,75,75,10,10,10,10,10,10,10,10,8,480,480,472,468,391,374,4642,30,30,8,8,8,10,10,10,8,10,8,10,0,10,10,10,8,8,8,8,8,8,8,8,0,8,8,8,8,8,0,10,10,10,10,10,8,8,8,8,8,8,8,8,8,8,0,0]} 1. e4 e6 2. d4 d5 3. Nd2 c5 4. Ngf3 cxd4 5. Nxd4 Nc6 6. Bb5 Bd7 7. Nxc6 Bxc6 8. Bxc6+ bxc6 9. c4 {C07: Französische Verteidigung (Tarrasch-Variante)} Qa5 (9... Nf6 10. Qa4 Qb6 11. cxd5 exd5 12. O-O Be7 13. exd5 Nxd5 14. Nc4 Qb5 15. Qc2 O-O 16. Bd2 Bf6 17. Rab1 Rfd8 {½-½ (60) Wen,Y (2596)-Xu,Y (2536) Tianjin 2018}) 10. exd5 cxd5 11. cxd5 Qxd5 12. Qa4+ Qd7 13. Qxd7+ Kxd7 {LiveBook: 9 Partien} 14. Nc4 Nf6 15. Ke2 Bc5 16. Rd1+ Nd5 17. Be3 $146 Rhc8 18. Rac1 {Lxc5 ist eine echte Drohung.} Ke7 19. Bxc5+ Rxc5 20. Ne3 Nf4+ 21. Kf3 Rxc1 22. Rxc1 $11 {[%mdl 4096] Endspiel KTS-KTS} Nd3 23. Rc7+ Kd6 24. Rb7 {Mit der Idee Sc4+.} Kc6 25. Rb3 Nc5 (25... Rd8 {is more complex.} 26. Rc3+ Kb6 27. g3 Ne5+ 28. Ke4 Nc6) 26. Ra3 Kb5 27. Nd1 a5 28. Nc3+ Kb4 29. Ne4 Nxe4 {KTS-KT} 30. Rb3+ Kc4 31. Kxe4 {KT-KT} Ra7 $1 32. Rb8 Rd7 33. Ke3 Rd3+ 34. Ke2 Rd5 35. g4 h5 36. Rb7 Re5+ 37. Kf1 Rg5 38. gxh5 f5 (38... f6 $11) 39. Rb6 Rxh5 40. Rxe6 Rxh2 {[#]} 41. Re5 (41. Kg1 $1 $16 {[%cal Rg1h2]} Rh5 42. Rg6) 41... Rh1+ 42. Kg2 Rb1 $1 43. b3+ Kb4 44. Rxf5 Rb2 45. a3+ Kxb3 $2 {[%mdl 8192]} (45... Kxa3 $11 46. Rxa5+ Kxb3) 46. Rxa5 $18 Kc4 {[#]} 47. Ra7 $1 {[%cal Ra7g7]} Ra2 48. Rxg7 Rxa3 $2 (48... Kd5 49. Ra7 Ke4 50. Ra4+ Kd5) 49. Rd7 $2 ({Der einzige Zug:} 49. Rg3 $18 Ra1 50. Rg5) 49... Ra8 $11 50. f3 Rg8+ {Die Stellung ist ausgeglichen.} 51. Kf2 Rf8 52. Rd6 Kc5 53. Rd1 Kc4 54. Rd2 Kc5 55. Rd1 Kc4 56. Rd7 Kc5 57. Kg3 Rg8+ $1 58. Kh4 Rf8 59. Kg4 Rg8+ 60. Kh5 {Weiss will f4 spielen.} Rf8 61. Kg4 {Und weiter mit f4 wäre nett.} Rg8+ 62. Kf4 Rf8+ 63. Ke3 Re8+ 64. Kf2 Rf8 65. Rd2 Kc4 66. Rd1 Kc5 67. Kg3 Rg8+ $1 68. Kh4 $1 Rh8+ 69. Kg5 Rg8+ 70. Kh6 {Und f4 würde nun gewinnen.} Rf8 71. Rf1 {Schwarz muss nun f4 beachten.} Kd4 72. f4 Ke4 {Precision: Weiß = 52%, Schwarz = 60%.} 1/2-1/2